Ogni storia ha il suo gusto
Uloženo v:
| Korporace: | , |
|---|---|
| Médium: | Neznámo |
| Jazyk: | angličtina |
| Vydáno: |
Ec Edizioni
2018
|
| Tagy: |
Žádné tagy, Buďte první, kdo vytvoří štítek k tomuto záznamu!
|
MARC
| LEADER | 00000 a2200000 4500 | ||
|---|---|---|---|
| 005 | 20241009172418.0 | ||
| 008 | 241009b |||||||| |||| 00| 0 eng d | ||
| 020 | |a 978-8890763731 | ||
| 040 | |c GP | ||
| 110 | |a Centro Polivalente Binario 95 | ||
| 245 | |a Ogni storia ha il suo gusto | ||
| 260 | |b Ec Edizioni |c 2018 | ||
| 710 | |a Gelateria Fassi | ||
| 942 | |2 ddc |c BK |n 0 | ||
| 952 | |0 0 |1 0 |2 ddc |4 0 |6 808_000000000000000_CEN |7 1 |9 2085 |a RM |b RM |d 2024-10-09 |l 0 |o 808 CEN |p 784 |r 2024-10-09 17:24:37 |w 2024-10-09 |y BK | ||
| 999 | |c 1825 |d 1825 | ||